000 01076aam a2200349 i 4500
001 768714001
003 CO-MdFUSB
005 20250503115159.0
007 ta
008 250503t1981 -us |||| |||| 00| 0 spa d
020 _a0-311-46061-5
040 _cCO-MdFUSB
041 0 _aspa
_heng
082 0 4 _223
_a241
_bM4239c
100 1 _aMaston, T. B. (Thomas Buford) (1897-)
_eautor
240 _aRight or wrong?
245 1 0 _a¿Bueno o malo?
_c/ T. B. Maston , William M. Pinson ; traducido por Rubén Zorzoli , Alicia Zorzoli
250 _acuarta edición
264 1 _bCasa Bautista de Publicaciones,
_aEl Paso, TX., USA :
_c[1981]
264 4 _c©1981
300 _a160 páginas
336 _atexto
_btxt
_2rdacontent
337 _2rdamedia
_asin mediación
_bn
338 _2rdacarrier
_avolumen
_bnc
563 _aRústico
650 7 _aÉtica cristiana
_9185
700 _aPinson, William M.
_911381
_eautor
700 _aZorzoli, Rubén O.
_911050
_etraductor
700 _aZorzoli, Alicia de,
_911382
_etraductor
942 _cBK
945 _aJTF-925
999 _c35229
_d35229